01333nab a2200241 i 4500001000400000003000400004005001700008008003900025040000800064080001200072100012500084245008200209260001000291500002100301520033400322650003900656655003000695711013600725773016600861942001301027999001501040952003601055BPPBPK20160121085421.0160121s1982 pl | | |100 ||pol cBPK a796.012 aKRAWIEC, Stanisław.d1981 - 1991.bWyższa Szkoła Inżynierska w Koszalinie - Studium Wychowania Fizycznego i Sportu aRozwój dziesięcioboju w Polsce w latach 1974 -1978 /cStanisław Krawiec. c1982. aDane z autopsji. aOmówiono tendencje rozwoju wyników uzyskiwanych w dziesięcioboju lekkoatletycznym w Polsce w latach 1974-1978. Wykazano również różnice występujące w rozwoju poszczególnych konkurencji, oraz stosunkowo niskie rezultaty uzyskiwane w rzutach lekkoatletycznych upatrując przyczyny w młodym wieku zawodników. aDziesięciobój lekkoatletyczny. 0aMateriały konferencyjne. aSeminarium : Przyrodnicze podstawy wychowania fizycznego i sportu w uczelniach technicznychn(4 ;d1981.11.27 ;cKoszalin, Polska). iW :tZeszyty Naukowe Wyższej Szkoły Inżynierskiej w Koszalinie. Prace Studium Wychowania Fizycznego i Sportu Uczelni Technicznych. -g1982, nr 8, s. 168-178 cART2UKD c5142d5142 00104070aBPKbBPKo0153yART